000
00270nam a2200109Ia 4500
008
220204s9999 xx 000 0 und d
082
_a
331.1(540)
_b
SHA
100
_a
SHARMA, Balder Raj
245
0
_a
Indian industrial worker
260
_a
Delhi
_b
Vikas
_c
1974
942
_c
BK
999
_c
22908
_d
22908